000
00334nam a2200133Ia 4500
008
151001s9999||||xx |||||||||||||| ||und||
100
_a
सुदर्शन भाटीया
245
_a
मंथन
250
_a
1
260
_b
अभिव्यक्ती
260
_c
2005
300
_a
128
365
_b
21
999
_c
991046
_d
991043